Cercles de l'Afrique Occidentale Française en 1926 sur une Carte - Statistiques

Statistiques générales
  • Ce quiz a été pris 24 fois
  • Le résultat moyen est 20 sur 120
Réponses sur la Carte
Les réponses sont colorées sur une échelle allant du rouge au vert en fonction du pourcentage des utilisateurs qui les ont devinées à leur premier essai. Vous pouvez retrouver ces pourcentages ci-dessous.
 
Statistiques - réponses
k2 Cercle % Correct
Soudan 95 Bamako
94%
Niger 75 Niamey
83%
Haute-Volta 57 Ouagadougou
83%
Guinée 35 Conakry
78%
Togo - Lomé
78%
Dahomey 30 Porto-Novo
72%
Dahomey 24 Cotonou
56%
Soudan 114 Tombouctou
56%
Soudan 98 Gao
39%
Haute-Volta 50 Bobo-Dioulasso
33%
Niger 68 Agadés
28%
Côte d'Ivoire 3 Baoulé
22%
Côte d'Ivoire 14 Man
22%
Soudan 110 San
22%
Sénégal 91 Thiès
22%
Niger 78 Zinder
22%
Mauritanie 60 Adrar
17%
Guinée 34 Boké
17%
Dahomey 23 Borgou
17%
Mauritanie 63 Brakna
17%
Côte d'Ivoire 7 Daloa
17%
Dahomey 25 Djougou
17%
Niger 70 Dosso
17%
Haute-Volta 53 Fada
17%
Mauritanie 64 Gorgol
17%
Guinée 38 Guékédou
17%
Guinée 39 Kankan
17%
Guinée 40 Kindia
17%
Guinée 41 Kissidougou
17%
Sénégal 84 Kolda
17%
Guinée 44 Labé
17%
Sénégal 85 Louga
17%
Guinée 45 Macenta
17%
Guinée 46 Mamou
17%
Niger 73 Maradi
17%
Sénégal 86 Matam
17%
Soudan 107 Néma
17%
Guinée 47 Nzérékoré
17%
Dahomey 29 Ouidah
17%
Côte d'Ivoire 18 Sassandra
17%
Dahomey 31 Savalou
17%
Mauritanie 66 Tagant
17%
Niger 76 Tahoua
17%
Niger 77 Tillabéri
17%
Mauritanie 67 Trarza
17%
Sénégal 93 Ziguinchor
17%
Dahomey 20 Abomey
11%
Côte d'Ivoire 1 Agnéby
11%
Dahomey 21 Allada
11%
Mauritanie 61 Assaba
11%
Côte d'Ivoire 2 Assinie
11%
Dahomey 22 Atacora
11%
Togo - Atakpamé
11%
Mauritanie 62 Baie du Lévrier
11%
Sénégal 79 Bakel
11%
Soudan 96 Bandiagara
11%
Sénégal 80 Baol
11%
Côte d'Ivoire 4 Bas-Cavally
11%
Côte d'Ivoire 5 Bassam
11%
Guinée 32 Beyla
11%
Niger 69 Bilma
11%
Guinée 33 Boffa
11%
Côte d'Ivoire 6 Bondoukou
11%
Sénégal 82 Dagana
11%
Haute-Volta 52 Dori
11%
Guinée 37 Forécariah
11%
Haute-Volta 54 Gaoua
11%
Soudan 99 Goundam
11%
Côte d'Ivoire 8 Gouros
11%
Mauritanie 65 Guidimaka
11%
Côte d'Ivoire 9 Guiglo
11%
Dahomey 26 Holli-Kétou
11%
Côte d'Ivoire 10 Indenié
11%
Haute-Volta 55 Kaya
11%
Soudan 101 Kayes
11%
Soudan 102 Kita
11%
Côte d'Ivoire 11 Kong
11%
Niger 71 Koni
11%
Haute-Volta 56 Koudougou
11%
Guinée 42 Koumbia
11%
Guinée 43 Kouroussa
11%
Soudan 103 Koutiala
11%
Côte d'Ivoire 12 Lagunes
11%
Côte d'Ivoire 13 Lahou
11%
Niger 72 Manga
11%
Dahomey 27 Mono
11%
Soudan 105 Mopti
11%
Dahomey 28 Moyen-Niger
11%
Soudan 106 Nara
11%
Niger 74 Nguigmi
11%
Côte d'Ivoire 15 Nzi-Comoé
11%
Côte d'Ivoire 16 Odienné
11%
Haute-Volta 58 Ouahigouya
11%
Côte d'Ivoire 17 Ouorodougou
11%
Guinée 48 Pita
11%
Sénégal 88 Sédhiou
11%
Soudan 112 Ségou
11%
Guinée 49 Siguiri
11%
Soudan 113 Sikasso
11%
Togo - Sokodé
11%
Côte d'Ivoire 19 Tagouanas
11%
Sénégal 90 Tambacounda
11%
Haute-Volta 59 Tenkodogo
11%
Sénégal 92 Tivaouane
11%
Togo - Anecho
6%
Soudan 94 Bafoulabé
6%
Sénégal 81 Bignona
6%
Soudan 97 Bougouni
6%
Guinée 36 Dabola
6%
Haute-Volta 51 Dédougou
6%
Soudan 100 Gourma
6%
Sénégal 83 Haute-Gambie
6%
Soudan 104 Macina
6%
Togo - Misahohe
6%
Soudan 108 Niafounké
6%
Soudan 109 Nioro
6%
Sénégal 87 Podor
6%
Togo - Sansané-Mango
6%
Soudan 111 Satadougou
6%
Sénégal 89 Sine-Saloum
6%
Aucun quiz correspondant
Distribution des résultats
% des personnes avec chaque résultat
Percentile par nombre de réponses
Votre historique - résultats
Vous n’avez pas pris ce quiz